000 00518nam a2200217Ia 4500
003 OSt
005 20220924133715.0
006 a|||||r|||| 00| 0
007 ta
008 220923b |||||||| |||| 00| 0 snd d
024 _a268217
037 _cTextual
040 _aARTS
_cARTS
_bsnd
041 _2snd
_asnd
082 _aO157:3N25:3, 1593K0
100 _aBharti
245 0 _aShikast
260 _c1960
942 _hO157:3N25:3, 1593K0
_cTEXL
_2CC
999 _c434860
_d434860